000 004770000a22001810004500
020 _a957-587-141-3
041 0 _aENG
082 0 4 _aG 266 W377t
100 1 _aWebster, Richard A.
245 1 0 _aTearing dowm strongholds / Richard A. Webster
260 _aTaipei, Taiwan : Campus Evangelical Fellowship
300 _a312 pag
001 7301
942 _cBK
999 _c37517
_d37517
336 _atexto
_btxt
_2rdacontent
337 _2rdamedia
_asin mediación
_bn
338 _2rdacarrier
_avolumen
_bnc